书目信息 |
| 题名: |
工程力学
|
|
| 作者: | 王义质 主编 | |
| 分册: | ||
| 出版信息: | 重庆 重庆大学出版社 1994.05 |
|
| 页数: | 356页 | |
| 开本: | 16开 | |
| 丛书名: | ||
| 单 册: | ||
| 中图分类: | TB12-43 , TB12-43 | |
| 科图分类: | ||
| 主题词: | 工程力学 , 工程力学 | |
| 电子资源: | ||
| ISBN: | 7-5624-0840-8 | |
| 000 | 00577nam0 2200205 45 | |
| 001 | 9909081128 | |
| 005 | 20041130094156.29 | |
| 010 | @a7-5624-0840-8@dCNY 25.00 | |
| 100 | @a19990908d1994 km y0chiy0120 ea | |
| 101 | @achi | |
| 200 | 1 | @a工程力学@AGong Cheng Li Xue@f王义质,李叔涵主编@FWang Yi Zhi,Li Shu Han Zhu Bian |
| 210 | @a重庆@c重庆大学出版社@d1994.05 | |
| 215 | @a356页@d16开 | |
| 606 | 0 | @a工程力学 |
| 606 | 0 | @a工程力学 |
| 690 | @aTB12-43@v3 | |
| 690 | @aTB12-43 | |
| 701 | @a王义质@4主编 | |
| 801 | @aCN@bPFTUser@c20041130 | |
| 905 | @f3@b40312-314@dTB12-43@eW956 | |
| 工程力学/王义质,李叔涵主编.-重庆:重庆大学出版社,1994.05 |
| 356页;16开 |
| ISBN 7-5624-0840-8:CNY 25.00 |
| ● |
| 相关链接 |
|
|
|
正题名:工程力学
索取号:TB12-43/W956
 
预约/预借
| 序号 | 登录号 | 条形码 | 馆藏地/架位号 | 状态 | 备注 |
| 1 | 40312 | 200403125 | 自科二线504/504自科库 29排1列1层/ [索取号:TB12-43/W956] | 在馆 | |
| 2 | 40313 | 200403134 | 自科二线504/504自科库 31排1列5层/ [索取号:TB12-43/W956] | 在馆 | |
| 3 | 40314 | 200403143 | 自科二线504/504自科库 19排2列3层/ [索取号:TB12-43/W956] | 在馆 | |
| 4 | 428086 | 204280866 | 自科二线504/504自科库 32排2列5层/ [索取号:TB12-43/W956] | 在馆 | |
| 5 | 428087 | 204280875 | 自科二线504/504自科库 32排2列5层/ [索取号:TB12-43/W956] | 在馆 | |
| 6 | 428088 | 204280884 | 自科二线504/504自科库 32排2列5层/ [索取号:TB12-43/W956] | 在馆 |